| 000 | 01135nam a2200313 a 4500 | ||
|---|---|---|---|
| 003 | CHAP | ||
| 005 | 20220329143640.0 | ||
| 008 | 101116s2007 mx 00010 spa d | ||
| 010 | _a99811 | ||
| 011 | _a100783 | ||
| 020 | _a9789680203529 | ||
| 035 | _a111469 | ||
| 040 | _cCHAP | ||
| 090 | _aCD -222 | ||
| 245 | 0 | 0 |
_aHistoria documental y gráfica del Centro de Aprendizaje Autónomo en Lenguas Extranjeras (CAALE) [Disco compacto]: _bun proyecto exitoso _c/compilado por Ramón Rivera Espinosa |
| 260 |
_aChapingo, Méx. : _bUACH, _c2007 |
||
| 300 |
_a1 disco compacto ; _c4 3/4 plgs. |
||
| 590 |
_aBATCH-UPD _b10 _c20130110 _lUCH01 _h1633 |
||
| 590 |
_aBATCH-UPD _b10 _c20130410 _lUCH01 _h1025 |
||
| 590 |
_aBATCH-UPD _b10 _c20130914 _lUCH01 _h1318 |
||
| 590 |
_aCONVERSION _b10 _c20130109 _lUCH01 _h1355 |
||
| 650 | 0 | 4 |
_aEscuelas agrícolas _xHistoria _xMéxico. _937640 |
| 650 | 0 | 4 |
_aLenguas _xEstudio y enseñanza. _965994 |
| 700 | 1 |
_aRivera Espinosa, Ramón _ecomp. _997637 |
|
| 901 | _aBK | ||
| 942 | _cCD | ||
| 949 |
_aCD-222 _bBC _cCD _d33724002222116 _eCD _fc.2 _i111469 _sb |
||
| 949 |
_aCD-222 _bBC _cCD _d33724002222157 _eCD _i111469 _sb |
||
| 999 |
_c99811 _d99811 |
||